000 00573nam a2200193Ia 4500
005 20250507130350.0
008 008 250505s9999 xx 000 0 eng d
020 _a0-8047-4355-X; 9780804743556
037 _aAnnuals, Advances
040 _aEASL
_beng
_cEASL
041 _aeng
_2eng
084 _aN42w, P4
_qEASL
100 _aTakeuchi Melinda Ed.
_9665353
245 0 _aArtist as Professional in Japan
260 _aUSA
_bStanford Stanford University
_c2004
300 _axvi,262p.
942 _cTEXL
_hN42w, P4
999 _c1319265
_d1319265